Statistics for Top 50 NBA Players All Time

Click here to take the quiz!

General Stats

  • This quiz has been taken 607 times
  • The average score is 31 of 50

Answer Stats

Rank Retired Player % Correct
12003Michael Jordan
99%
2activeLeBron James
99%
102016Kobe Bryant
95%
51989Kareem Abdul-Jabbar
93%
31973Wilt Chamberlain
92%
92011Shaquille O'Neal
91%
41996Magic Johnson
91%
19activeStephen Curry
89%
24activeKevin Durant
88%
61969Bill Russell
88%
81992Larry Bird
86%
72016Tim Duncan
86%
131974Jerry West
84%
17activeDirk Nowitzki
76%
112002Hakeem Olajuwon
75%
162004Karl Malone
74%
222003Scottie Pippen
74%
25activeDwyane Wade
73%
141995Moses Malone
73%
152016Kevin Garnett
69%
121974Oscar Robertson
67%
342010Allen Iverson
67%
232003John Stockton
64%
181987Julius Erving
63%
272003David Robinson
61%
282015Steve Nash
59%
202000Charles Barkley
58%
462014Ray Allen
57%
21activeChris Paul
56%
38activePaul Pierce
56%
312002Patrick Ewing
54%
361970Bob Cousy
54%
351994Isiah Thomas
54%
292013Jason Kidd
49%
441993Kevin McHale
46%
261971Elgin Baylor
46%
301998Clyde Drexler
45%
451965Bob Pettit
44%
331978John Havlicek
41%
472005Reggie Miller
40%
49activeDwight Howard
37%
422007Gary Payton
36%
371956George Mikan
35%
481999Dominique Wilkins
34%
50activeKawhi Leonard
31%
431986George Gervin
30%
321980Walt Frazier
28%
391978Rick Barry
27%
411981Elvin Hayes
27%
401964Dolph Schayes
12%

Score Distribution

Percentile by Number Answered

Percent of People with Each Score

Your Score History

You have not taken this quiz